Регионална библиотека "Любен Каравелов" - Русе

Наказателно право (Запис номер 101286)

MARC детайли
000 -Лидер
Контролно поле с фиксирана дължина 01178nam a2200313 c 4500
003 - Код на организацията, давaща контролен номер
Контролно поле BLK
005 - Дата и час на последна редакция
Контролно поле 20221217132227.0
008 - Елементи от данни с фиксирана дължина
fixed length control field 180409b bul|||||r ||||||| ||bul||
010 ## - Наследен системен номер
LC control number KNG00106329000
020 ## - Международен стандартен номер на книга ISBN
Международен стандартен номер на книга ISBN 954-07-1732-Х
-- издат.: Унив. изд. Св. Климент Охридски
040 ## - Източник на каталожния запис
Идентификатор на билиотеката - собственик на записа BLK
041 ## - Код за език
Код за езика на текст/звукозапис или на отделно заглавие Български
Код за езика КДБФ Български
080 ## - УДК
Текстов определител УДК Обща част на наказателното право
УДК код - определител по УДК 343.2
УДК определител (075.8)
УДК - код + определител 343.2(075.8)
100 1# - Редна дума - Автор
Автор Йотов, Борислав Генов
Авторска отговорност първи автор
R(LIN) 252999
139 ## - Редно поле
Редна дума Йотов, Борислав Генов
Авторски знак Иот - И 85
245 10 - Сведения за заглавието
Заглавие Наказателно право
Подзаглавни данни Обща част
Редно поле (дума) Борислав Генов Йотов.
257 ## - Страна на издаване
Страна на създаване/издаване България
260 ## - Област на издателските данни
-- София
Име на издателя, разпространителя и проч. Унив. изд. Св. Климент Охридски
Година на издаване 2002
300 ## - Физическа характеристика
Страници 260 с.
Размери/Мащаб 23 см
380 ## - Жанр
Жанр Обществени науки
650 #4 - Допълнително описание по предмет – тема
Основно описание – тема или топоним Наказателно право
9 (RLIN) 242940
653 ## - Ключова дума – ненормативна
Ключова дума наказателно-процесуално право
653 ## - Ключова дума – ненормативна
Ключова дума учебници за ВУЗ
852 ## - Местоположение
Форматна сигнатура Цб 214959
856 4# - Електронен адрес и достъп
Електронен формат pdf - файл
Път до файла /url/
856 4# - Електронен адрес и достъп
Електронен формат pdf - файл
Път до файла /url/
942 ## - АРТИКУЛИ
Вид на библиотечния материал Книги
Скрит в OPAC Не
Koha issues (borrowed), all copies 4
944 ## - СЪЗДАВАНЕ И РЕДАКЦИЯ на ЗАПИСА
Създаване/Редакция Създаване
Дата на регистрацията/редакция 01.01.2002
Служител, извършил регистрацията/редакцията Кети_Илиева
944 ## - СЪЗДАВАНЕ И РЕДАКЦИЯ на ЗАПИСА
Създаване/Редакция Редакция
Дата на регистрацията/редакция 04.01.2013
Служител, извършил регистрацията/редакцията
999 ## - СИСТЕМНИ КОНТРОЛНИ НОМЕРА
Koha biblionumber 101286
Koha biblioitemnumber 101286
Наличности
Код за отписване Код за изгубен артикул Източник на класификационната схема Код за повреда Коз за рестрикции Код за отдаване Артикулен № Име на библиотеката - собственик Име на библиотеката, в която се намира в момента Статус (Текущо местоположение) Дата на вписване в системата Местоположение - отдел Цена в лева Инвентарен номер Систематично азбучна сигнатура Баркод Номер на екземпляра Цена в евро Служебна бележка Служебен тип на артикула
Изтеглен Не е изгубен Universal Decimal Classification Не е повреден без рестрикции заемане за дома 163014 Регионална библиотека "Любен Каравелов" Русе Регионална библиотека "Любен Каравелов" Русе Заемна - подръчен фонд 2003-05-27 Заемна - подръчен фонд 10.00 120000676410 П 343/И 85 120000676410 1 5.11 Дост: Pk Вид: Ф N: 2 Дата: 26.05.2003 Дата инв: 05.02.2018 Бележки инв: П2018 Книги
  Не е изгубен   Не е повреден без рестрикции ползва се в читалня 163015 Регионална библиотека "Любен Каравелов" Русе Регионална библиотека "Любен Каравелов" Русе Читалня 2003-05-27 Читалня 10.00 120000676411 Ч 343/И 85 120000676411 2 5.11 Дост: Pk Вид: Ф N: 2 Дата: 26.05.2003 Дата инв: 14.03.2017 Бележки инв: Ч2017 Книги
  Не е изгубен Universal Decimal Classification Не е повреден без рестрикции ползва се в читалня 163016 Регионална библиотека "Любен Каравелов" Русе Регионална библиотека "Любен Каравелов" Русе Хранилище 2004-01-07 Хранилище 0.00 120000681510 Цб 214959 120000681510 3 0.00 Дост: Dp Вид: Д N: 2 Дата: 18.12.2002 Книги
Vip Innovations Ltd, Rousse, Bulgaria 2025